Score 0/15 Timer 05:00
0 Plays Today
Book % Correct
B4Sense and Sensibility
79.7%
C3The Scarlet Letter
78.5%
A1Slaughterhouse Five
73.6%
C5The Silence of the Lambs
71.8%
A3The Secret Garden
69.6%
C2The Sound and the Fury
45%
B2The Sun Also Rises
42.2%
B3The Stranger
40.3%
Book % Correct
C4Siddhartha
39.6%
C1The Secret Life of Bees
37.3%
A2Star Girl
33.8%
B1Strega Nona
26.8%
A5The Screwtape Letters
26.5%
A4Snow Falling on Cedars
20.8%
B5Speak
19.2%

You're not logged in!

Compare scores with friends on all Sporcle quizzes.
OR
Log In

Sporcle TV

Today on Sporcle TV


Watch our educational content, quiz creation guides, and fun videos on Sporcle TV.

Show Comments

Extras

Top Quizzes Today


Score Distribution

Paid Content

Your Account Isn't Verified!

In order to create a playlist on Sporcle, you need to verify the email address you used during registration. Go to your Sporcle Settings to finish the process.

Report this User

Report this user for behavior that violates our Community Guidelines.

Details: